Statistics for Top 15 Countries with Covid-19 Deaths - 1 July 2022

Click here to take the quiz!

General Stats

  • This quiz has been taken 19 times
  • The average score is 14 of 27

Answer Stats

country% Correct
United States
100%
Germany
84%
India
84%
Mexico
84%
Brazil
79%
France
74%
United Kingdom
74%
Argentina
68%
Italy
68%
Russia
68%
Colombia
53%
Indonesia
53%
Iran
53%
Peru
47%
Poland
42%
Croatia
37%
Czechia
37%
Hungary
37%
Slovenia
37%
Bulgaria
32%
Slovakia
32%
Georgia
26%
Latvia
26%
Lithuania
26%
Romania
26%
Bosnia and
Herzegovina
21%
North Macedonia
21%

Score Distribution

Percentile by Number Answered

Percent of People with Each Score

Your Score History

You have not taken this quiz